Flagi stolic województw. - Statystyki

Ogólne statystyki
  • Ten quiz został rozwiązany 15 razy
  • Średni wynik to 15 z 18
Statystyki odpowiedzi
Obrazkowy Odpowiedź % Poprawnych
Katowice
91%
Kielce
91%
Łódź
91%
Opole
91%
Białystok
82%
Bydgoszcz
82%
Gdańsk
82%
Gorzów Wielkopolski
82%
Kraków
82%
Olsztyn
82%
Poznań
82%
Rzeszów
82%
Szczecin
82%
Toruń
82%
Zielona Góra
82%
Warszawa
73%
Wrocław
73%
Lublin
64%
Nie znaleziono quizów pasujących do podanych kryteriów
Rozkład punktacji
Procent ludzi z każdym wynikiem
Percentyl według liczby udzielonych odpowiedzi
Twoja historia wyników
Nie rozwiązałeś tego quizu